Sacred Protest : Religion, Power and Resistance in an Era of Upheaval /
Analysis of the complex interrelations of religion and modern protest movements draws attention to the ways that pervasive societal anxieties are taken up in religious, interreligious and transreligious discourses. The last years have seen forms of major social upheaval in the form of protests the w...
مؤلفون آخرون: , , ,
التنسيق: كتاب الكتروني
اللغة: English
منشور في:
Leiden ; Boston :
Brill,
2026.
سلاسل:
Currents of Encounter ;
70.
Religious Studies, Theology and Philosophy E-Books Online, Collection 2026.
الموضوعات:
الوصول للمادة أونلاين: Login to view Source
الوسوم: إضافة وسم
رقم الطلب: BL41
| LEADER | 03284nam a22005298i 4500 | ||
|---|---|---|---|
| 001 | BRILL9789004745735 | ||
| 003 | nllekb | ||
| 005 | 20260324115025.0 | ||
| 006 | m d | ||
| 007 | cr un uuuua | ||
| 008 | 250910s2026 gw sb 001 0 eng d | ||
| 020 | |a 9789004745735 |q (electronic book) | ||
| 020 | |z 9789004745728 |q (print) | ||
| 024 | 7 | |a 10.1163/9789004745735 |2 DOI | |
| 035 | |z (OCoLC)1524982338 | ||
| 040 | |a NL-LeKB |c NL-LeKB |e rda | ||
| 041 | |a eng | ||
| 050 | 4 | |a BL41 | |
| 072 | 7 | |a HRAM |2 bicssc | |
| 072 | 7 | |a PHI |x 022000 |2 bisacsh | |
| 072 | 7 | |a REL |x 051000 |2 bisacsh | |
| 082 | 0 | 4 | |a 200/.82 |2 23 |
| 245 | 0 | 0 | |a Sacred Protest : |b Religion, Power and Resistance in an Era of Upheaval / |c edited by Yaser Ellethy, Anne Hege Grung, Henry Jansen, and Matthew Ryan Robinson. |
| 246 | 3 | |a Religion, Power and Resistance in an Era of Upheaval | |
| 264 | 1 | |a Leiden ; |a Boston : |b Brill, |c 2026. | |
| 264 | 4 | |c ©2026 | |
| 300 | |a 1 online resource (276 pages) : |b illustrations. | ||
| 336 | |a text |b txt |2 rdacontent | ||
| 337 | |a computer |b c |2 rdamedia | ||
| 338 | |a online resource |2 rdacarrier | ||
| 490 | 1 | |a Currents of Encounter ; |v 70 | |
| 490 | 1 | |a Religious Studies, Theology and Philosophy E-Books Online, Collection 2026 | |
| 504 | |a Includes bibliographical references and index. | ||
| 520 | |a Analysis of the complex interrelations of religion and modern protest movements draws attention to the ways that pervasive societal anxieties are taken up in religious, interreligious and transreligious discourses. The last years have seen forms of major social upheaval in the form of protests the world over. These have included popular protest movements in dozens of countries, around the world. These have led to major policy backdowns and/or governmental crackdown and even the overthrow of governments. Triggers can be seemingly minor or sudden and shocking. In both cases, protests often then develop along predictable sightlines of economic concern and political parties. Recent protests and counter protests have been surrounded by a deluge of disinformation and conspiracy. In several cases, inconspicuous beginnings led to society-wide or global debates concerning religion, ethnicity, the stability of democratic institutions, fundamental human rights, and even the future of humanity. In short, religion and protest converge and diverge and in pursuit of various ends, making careful analysis of religion and protest necessary. Sacred Protest seeks to make a timely and constructive contribution to this critically important conversation. | ||
| 546 | |a English | ||
| 588 | |a Description based on print version record. | ||
| 650 | 0 | |a Comparative Religion & Religious Studies. | |
| 650 | 0 | |a Religious Studies. | |
| 700 | 1 | |a Ellethy, Yaser, |e editor. | |
| 700 | 1 | |a Grung, Anne Hege, |e editor. | |
| 700 | 1 | |a Jansen, Henry, |e editor. | |
| 700 | 1 | |a Robinson, Matthew Ryan, |e editor. | |
| 776 | 0 | 8 | |i Print version: |t Sacred Protest : Religion, Power and Resistance in an Era of Upheaval. |d Leiden ; Boston : Brill, 2026. |z 9789004745728 |
| 830 | 0 | |a Currents of Encounter ; |v 70. | |
| 830 | 0 | |a Religious Studies, Theology and Philosophy E-Books Online, Collection 2026. | |
| 856 | 4 | |z DOI: |u http://dx.doi.org/10.1163/9789004745735 | |
| 999 | |c 61973 |d 61973 | ||
